00491nam a22001457a 450000500170000001000170001702000260003403500130006003700190007310000190009224501100011126000330022127000700025430000210032420221010104317.0 aRP B-745770 c299.00a9788194967477 aB-745770 bYogiImpression aChopra, Deepak aThe Seven Spiritual Laws of Success:bDeepak Chopraca practical guide to the fulfillment of your dreams/ aMumbaibYogiImpressionc2022 a1711, Centre 1, World Trade Centre, Cuffe Parade,bMumbaie400005 a115p.c19cm(hbk)